[Event "TUR-chT 2nd League"]
[Site "Konya"]
[Date "2022.08.23"]
[Round "2.9"]
[White "Evin, Abdulkerim"]
[Black "Gungor, Cihan Akif"]
[Result "0-1"]
[WhiteElo "1342"]
[BlackElo "1691"]
[PlyCount "90"]
[EventDate "2022.08.22"]
[EventType "team-swiss"]
[EventRounds "9"]
[EventCountry "TUR"]
[SourceTitle "CBM 210 Extra"]
[Source "ChessBase"]
[SourceDate "2022.11.30"]
[SourceVersion "1"]
[SourceVersionDate "2022.11.30"]
[SourceQuality "1"]
[WhiteTeam "Bitlis Ihtisas Egitim"]
[BlackTeam "Afyonkarahisar Basari"]
[WhiteTeamCountry "TUR"]
[BlackTeamCountry "TUR"]

1. e4 e5 2. Nf3 Nc6 3. Nc3 Nf6 4. Be2 Be7 5. d4 exd4 6. Nxd4 Nxd4 7. Qxd4 d6 8. 0-0 0-0 9. Nd5 Nxd5 10. exd5 Bf6 11. Qd1 Re8 12. Bd3 Qe7 13. c3 g6 14. Be3 Bd7 15. Qc2 Bg7 16. Rfe1 Qe5 17. Rad1 f5 18. Bf1 f4 19. Bd4 Qxe1 20. Rxe1 Rxe1 21. Bxg7 Kxg7 22. c4 Rae8 23. f3 Kg8 24. Qc3 Rb1 25. Kf2 Bf5 26. g4 fxg3+ 27. hxg3 Rf8 28. Be2 b6 29. Kg2 Re8 30. Qd2 h5 31. a3 Re5 32. g4 hxg4 33. fxg4 Be4+ 34. Bf3 Bxf3+ 35. Kxf3 Kg7 36. Qd4 a5 37. Qc3 Kf6 38. Qd4 Rf1+ 39. Kg2 Rfe1 40. Kf2 R1e4 41. Qc3 Rxg4 42. b4 axb4 43. axb4 Rf4+ 44. Kg3 Rfe4 45. Kf3 Re3+ 0-1

[Event "TUR Cup"]
[Site "Adapazari"]
[Date "2022.04.01"]
[Round "11"]
[White "Cetinkaya, Ramazan"]
[Black "Evin, Abdulkerim"]
[Result "1-0"]
[WhiteElo "1493"]
[BlackElo "1359"]
[PlyCount "63"]
[EventDate "2022.03.25"]
[EventType "swiss"]
[EventRounds "11"]
[EventCountry "TUR"]
[SourceTitle "EXT 2023"]
[Source "ChessBase"]
[SourceDate "2022.10.05"]
[SourceVersion "1"]
[SourceVersionDate "2022.10.05"]
[SourceQuality "1"]

1. Nf3 Nf6 2. g3 g6 3. Bg2 Bg7 4. c4 c5 5. 0-0 0-0 6. d4 d6 7. Nc3 Nbd7 8. e4 cxd4 9. Nxd4 Qc7 10. b3 Rb8 11. Bb2 a6 12. Rc1 Qb6 13. Qd2 Ng4 14. Nd5 Qd8 15. h3 Ngf6 16. Ne3 Nc5 17. Qc2 Bd7 18. f4 Qc8 19. f5 b5 20. cxb5 Bxb5 21. Nxb5 axb5 22. e5 Nfd7 23. exd6 exd6 24. Bxg7 Kxg7 25. Qd2 Qa6 26. b4 Na4 27. Rc6 Ndb6 28. Qxd6 Rbd8 29. f6+ Kg8 30. Qf4 Kh8 31. Qh6 Rg8 32. Rf5 1-0

[Event "TUR Cup"]
[Site "Adapazari"]
[Date "2022.03.26"]
[Round "3"]
[White "Bapoglu, Ibrahim"]
[Black "Evin, Abdulkerim"]
[Result "1-0"]
[WhiteElo "1509"]
[BlackElo "1359"]
[PlyCount "75"]
[EventDate "2022.03.25"]
[EventType "swiss"]
[EventRounds "11"]
[EventCountry "TUR"]
[SourceTitle "EXT 2023"]
[Source "ChessBase"]
[SourceDate "2022.10.05"]
[SourceVersion "1"]
[SourceVersionDate "2022.10.05"]
[SourceQuality "1"]

1. b3 e5 2. Bb2 Nc6 3. e3 Nf6 4. Nc3 d5 5. Bb5 Bd7 6. Nce2 Bd6 7. Ng3 a6 8. Be2 0-0 9. Nf3 Re8 10. 0-0 b6 11. c4 dxc4 12. Bxc4 b5 13. Be2 e4 14. Nd4 Nxd4 15. Bxd4 Be5 16. Bxe5 Rxe5 17. f4 exf3 18. Bxf3 Rb8 19. Rc1 Re8 20. Rc5 Rb6 21. Qc2 Rd6 22. Re1 c6 23. e4 Rde6 24. d4 Qa5 25. Re2 Qb4 26. Qc3 Qxc3 27. Rxc3 g5 28. h3 R6e7 29. e5 Nd5 30. Bxd5 cxd5 31. Nh5 Kh8 32. Rf2 Rc8 33. Rxc8+ Bxc8 34. Rf6 Kg8 35. Rc6 Bb7 36. Rc5 g4 37. Nf6+ Kg7 38. Nxg4 1-0

[Event "TUR Cup"]
[Site "Antalya"]
[Date "2020.01.30"]
[Round "7"]
[White "Evin, Abdulkerim"]
[Black "Karanlik, Suleyman"]
[Result "0-1"]
[WhiteElo "1355"]
[BlackElo "1575"]
[PlyCount "93"]
[EventDate "2020.01.26"]
[EventType "swiss"]
[EventRounds "11"]
[EventCountry "TUR"]
[SourceTitle "CBM 194 Extra"]
[Source "ChessBase"]
[SourceDate "2020.03.31"]
[SourceVersion "1"]
[SourceVersionDate "2020.03.31"]
[SourceQuality "1"]

1. e4 c5 2. Nf3 d6 3. d3 g6 4. Nbd2 Bg7 5. g3 Nc6 6. Bg2 b5 7. 0-0 Bb7 8. Re1 Qc7 9. Nf1 e6 10. Ne3 Nge7 11. c3 0-0 12. Nh4 b4 13. Bd2 a5 14. Rc1 Qb6 15. b3 Ne5 16. Qe2 Ba6 17. c4 N5c6 18. f4 Nd4 19. Qf1 Nec6 20. f5 Qd8 21. Ng4 h5 22. f6 Bh8 23. Nh6+ Kh7 24. Bg5 Ne5 25. Rcd1 Bb7 26. Qf4 a4 27. bxa4 Rxa4 28. Rd2 Ra3 29. Bf1 Qa8 30. Qf2 Bc6 31. h3 Qa7 32. Rb1 Rc3 33. N6f5 exf5 34. exf5 Ndf3+ 35. Nxf3 Nxf3+ 36. Qxf3 Bxf3 37. fxg6+ fxg6 38. Bf4 Qd7 39. Rf2 Bc6 40. Re1 Bxf6 41. Kh2 Be5 42. Rfe2 Re8 43. Bxe5 dxe5 44. Rxe5 Rc2+ 45. R5e2 Rcxe2+ 46. Rxe2 Rxe2+ 47. Bxe2 0-1

[Event "TUR Cup"]
[Site "Antalya"]
[Date "2019.01.28"]
[Round "2"]
[White "Yalcindag, Hakan"]
[Black "Evin, Abdulkerim"]
[Result "1-0"]
[WhiteElo "1417"]
[BlackElo "1364"]
[PlyCount "111"]
[EventDate "2019.01.27"]
[EventType "swiss"]
[EventRounds "11"]
[EventCountry "TUR"]
[SourceTitle "CBM 188 Extra"]
[Source "ChessBase"]
[SourceDate "2019.02.28"]
[SourceVersion "1"]
[SourceVersionDate "2019.02.28"]
[SourceQuality "1"]

1. e4 e6 2. d4 d5 3. Nd2 c5 4. Ngf3 Nc6 5. c3 Be7 6. Be2 Nf6 7. exd5 exd5 8. dxc5 Bxc5 9. Nb3 Bb6 10. 0-0 0-0 11. Nbd4 Bd7 12. Bg5 Re8 13. Re1 h6 14. Bh4 Bc7 15. Qc2 Ne5 16. Bg3 Ng6 17. Bd3 Bxg3 18. hxg3 Nf8 19. Rxe8 Nxe8 20. Ne5 Be6 21. Re1 a6 22. Qe2 Rc8 23. Nxe6 Nxe6 24. Nxf7 Qf6 25. Nxh6+ Qxh6 26. Qxe6+ Qxe6 27. Rxe6 Kf7 28. Rb6 Rc7 29. Bg6+ Ke7 30. Bxe8 Kxe8 31. Rd6 Rc5 32. Re6+ Kf7 33. Re5 Kf6 34. f4 a5 35. Kf2 b5 36. Re3 b4 37. Rd3 a4 38. cxb4 Rc2+ 39. Kf3 Rxb2 40. a3 Ke6 41. g4 g6 42. g3 Rb1 43. Ke3 Rg1 44. Kd4 Rc1 45. b5 Rc4+ 46. Ke3 Rc5 47. b6 Rb5 48. Kd4 Rxb6 49. Re3+ Kd6 50. f5 gxf5 51. gxf5 Rb3 52. Rxb3 axb3 53. Kc3 Ke5 54. g4 d4+ 55. Kxb3 Ke4 56. Kc2 1-0

[Event "TUR Cup										"]
[Site "Antalya"]
[Date "2018.01.31"]
[Round "7"]
[White "Evin, Abdulkerim"]
[Black "Yapici, Nazim"]
[Result "0-1"]
[WhiteElo "1415"]
[BlackElo "1607"]
[PlyCount "60"]
[EventDate "2018.01.27"]
[EventType "swiss"]
[EventRounds "11"]
[EventCountry "TUR"]
[SourceTitle "CBM 182 Extra"]
[Source "ChessBase"]
[SourceDate "2018.02.23"]
[SourceVersion "1"]
[SourceVersionDate "2018.02.23"]
[SourceQuality "1"]

1. e4 c5 2. Nf3 a6 3. d4 cxd4 4. Nxd4 d6 5. Bd3 e5 6. Ne2 Nf6 7. 0-0 Be7 8. Nbc3 Be6 9. h3 Nbd7 10. Be3 b5 11. a3 0-0 12. Ng3 g6 13. Nce2 d5 14. exd5 Bxd5 15. Nc3 Bc6 16. Be4 Nxe4 17. Ngxe4 f5 18. Nd6 Nf6 19. Bc5 Qc7 20. b4 Rad8 21. Ndxb5 axb5 22. Qe2 Bxc5 23. bxc5 Rb8 24. Rfb1 Qe7 25. Nxb5 Qxc5 26. c4 Nh5 27. Qe3 Qxc4 28. Qxe5 Rxb5 29. Rxb5 Bxb5 30. Rb1 Bc6 0-1

[Event "TUR Cup										"]
[Site "Antalya"]
[Date "2018.01.27"]
[Round "1"]
[White "Baykal, Muhammed"]
[Black "Evin, Abdulkerim"]
[Result "1-0"]
[WhiteElo "1805"]
[BlackElo "1415"]
[PlyCount "115"]
[EventDate "2018.01.27"]
[EventType "swiss"]
[EventRounds "11"]
[EventCountry "TUR"]
[SourceTitle "CBM 182 Extra"]
[Source "ChessBase"]
[SourceDate "2018.02.23"]
[SourceVersion "1"]
[SourceVersionDate "2018.02.23"]
[SourceQuality "1"]

1. d4 Nf6 2. c4 e6 3. g3 d5 4. Nf3 c6 5. Bg2 Be7 6. 0-0 0-0 7. Qc2 dxc4 8. Qxc4 b5 9. Qc2 Bb7 10. Nc3 Nbd7 11. e4 Rc8 12. e5 Nd5 13. Nxd5 cxd5 14. Qd3 Qb6 15. Ng5 Bxg5 16. Bxg5 b4 17. Rfc1 a5 18. b3 Ba6 19. Qd2 Nb8 20. Be7 Rfe8 21. Bc5 Qb7 22. h4 Rc6 23. Bd6 Rec8 24. Rxc6 Rxc6 25. Rc1 Nd7 26. h5 h6 27. g4 Qc8 28. Rxc6 Qxc6 29. g5 hxg5 30. Qxg5 Qc3 31. Qf4 Bd3 32. h6 g6 33. h7+ Kxh7 34. Qxf7+ Kh6 35. Bf8+ Nxf8 36. Qxf8+ Kh7 37. Qe7+ Kh6 38. Qh4+ Kg7 39. Kh2 Qc7 40. Qf6+ Kg8 41. Qxe6+ Qf7 42. Bxd5 Qxe6 43. Bxe6+ Kf8 44. Kg3 Bb1 45. Bd7 Ke7 46. Bb5 Bxa2 47. Ba4 Ke6 48. Kf4 Bb1 49. Ke3 Kd5 50. Bb5 Ke6 51. Bc4+ Ke7 52. Kd2 Bf5 53. d5 Bg4 54. Bd3 Bf5 55. Bxf5 gxf5 56. Kd3 Kd7 57. Kc4 f4 58. Kb5 1-0

[Event "TUR-chT2"]
[Site "Konya"]
[Date "2017.07.13"]
[Round "7.20"]
[White "Akyol, Sumeyye"]
[Black "Evin, Abdulkerim"]
[Result "0-1"]
[WhiteElo "1106"]
[BlackElo "1417"]
[PlyCount "88"]
[EventDate "2017.07.09"]
[EventType "team-swiss"]
[EventRounds "9"]
[EventCountry "TUR"]
[SourceTitle "CBM 179 Extra"]
[Source "ChessBase"]
[SourceDate "2017.08.23"]
[SourceVersion "1"]
[SourceVersionDate "2017.08.23"]
[SourceQuality "1"]
[WhiteTeam "Ataturk Univ"]
[BlackTeam "Genclik Bitlis"]
[WhiteTeamCountry "TUR"]
[BlackTeamCountry "TUR"]

1. e4 e5 2. Nf3 Nc6 3. Nc3 Bc5 4. Bc4 h6 5. 0-0 Nf6 6. d3 d6 7. h3 0-0 8. Be3 Bxe3 9. fxe3 a6 10. a4 Bd7 11. d4 Qe8 12. Re1 Na7 13. Qd3 Rb8 14. Ra2 Kh8 15. Rea1 Nh7 16. Nd5 Rc8 17. Qc3 exd4 18. exd4 f5 19. exf5 Bxf5 20. Nh4 Ng5 21. Nf4 Ne4 22. Qe3 g5 23. Nxf5 Rxf5 24. Be6 Rxf4 25. Bxc8 Nxc8 26. d5 Nf6 27. Qxe8+ Nxe8 28. Re1 Nf6 29. b3 Kg7 30. c4 Kf7 31. Rae2 h5 32. Re3 h4 33. Kh2 b5 34. cxb5 axb5 35. a5 Nxd5 36. R3e2 Rb4 37. Re8 Nce7 38. a6 Kxe8 39. a7 Nb6 40. Ra1 Na8 41. Rb1 c5 42. Re1 Kd7 43. Rf1 Rxb3 44. Rf8 Nc7 0-1

[Event "TUR-chT2"]
[Site "Konya"]
[Date "2017.07.10"]
[Round "3.11"]
[White "Sozen, Abdullah"]
[Black "Evin, Abdulkerim"]
[Result "1/2-1/2"]
[WhiteElo "1647"]
[BlackElo "1417"]
[PlyCount "83"]
[EventDate "2017.07.09"]
[EventType "team-swiss"]
[EventRounds "9"]
[EventCountry "TUR"]
[SourceTitle "CBM 179 Extra"]
[Source "ChessBase"]
[SourceDate "2017.08.23"]
[SourceVersion "1"]
[SourceVersionDate "2017.08.23"]
[SourceQuality "1"]
[WhiteTeam "Anadolu Besiktasililar"]
[BlackTeam "Genclik Bitlis"]
[WhiteTeamCountry "TUR"]
[BlackTeamCountry "TUR"]

1. d4 e6 2. Nf3 d5 3. Bg5 Be7 4. Bxe7 Nxe7 5. e3 Nbc6 6. Bb5 Bd7 7. Nbd2 a6 8. Ba4 h6 9. c3 b5 10. Bc2 b4 11. c4 dxc4 12. Nxc4 Nd5 13. Rc1 Nce7 14. 0-0 Bb5 15. b3 Nc3 16. Qd2 Nxa2 17. Ra1 Nc3 18. Rfe1 Bc6 19. Nfe5 Bb5 20. Nd3 0-0 21. Nxb4 Ncd5 22. Be4 c6 23. Ne5 Nxb4 24. Qxb4 Nd5 25. Bxd5 cxd5 26. Qd2 Rc8 27. Nd3 Bxd3 28. Qxd3 Qb6 29. Rxa6 Qb4 30. Raa1 Rc3 31. Qd1 Qxb3 32. Qxb3 Rxb3 33. Reb1 Rfb8 34. Rxb3 Rxb3 35. g3 g5 36. Ra7 g4 37. Rc7 Kg7 38. Ra7 Kg6 39. Rc7 h5 40. Kg2 Rb2 41. Ra7 Rc2 42. Rb7 1/2-1/2

[Event "TUR Cup"]
[Site "Antalya"]
[Date "2017.02.01"]
[Round "7"]
[White "Ergun, Berkcan"]
[Black "Evin, Abdulkerim"]
[Result "1-0"]
[WhiteElo "1239"]
[BlackElo "1441"]
[PlyCount "58"]
[EventDate "2017.01.28"]
[EventType "swiss"]
[EventRounds "11"]
[EventCountry "TUR"]
[SourceTitle "CBM 176 Extra"]
[Source "ChessBase"]
[SourceDate "2017.03.02"]
[SourceVersion "1"]
[SourceVersionDate "2017.03.02"]
[SourceQuality "1"]

1. d4 Nf6 2. c4 e6 3. Nc3 d5 4. Bf4 Bd6 5. Bxd6 Qxd6 6. Nf3 Nc6 7. e3 Ne4 8. Nxe4 dxe4 9. Nd2 f5 10. Be2 0-0 11. 0-0 Bd7 12. c5 Qe7 13. f4 Qf6 14. Nc4 Rad8 15. Qe1 Nxd4 16. exd4 Qxd4+ 17. Qf2 Qf6 18. Ne5 Bc8 19. Rad1 a6 20. Rxd8 Rxd8 21. Rd1 Rd5 22. Rxd5 exd5 23. Qd4 c6 24. a4 g5 25. g3 gxf4 26. gxf4 Qh4 27. Qf2 Qxf2+ 28. Kxf2 d4 29. b4 Kg7 1-0

[Event "TUR Cup"]
[Site "Antalya"]
[Date "2017.01.31"]
[Round "6"]
[White "Evin, Abdulkerim"]
[Black "Kocyigit, Buse Naz"]
[Result "0-1"]
[WhiteElo "1441"]
[BlackElo "1669"]
[PlyCount "84"]
[EventDate "2017.01.28"]
[EventType "swiss"]
[EventRounds "11"]
[EventCountry "TUR"]
[SourceTitle "CBM 176 Extra"]
[Source "ChessBase"]
[SourceDate "2017.03.02"]
[SourceVersion "1"]
[SourceVersionDate "2017.03.02"]
[SourceQuality "1"]

1. d4 d5 2. c4 c6 3. Nc3 Nf6 4. Bf4 g6 5. e3 Bg7 6. Bd3 0-0 7. c5 Re8 8. Nge2 Nbd7 9. b4 e5 10. dxe5 Nxe5 11. 0-0 Nxd3 12. Qxd3 Bf5 13. Qd1 Ne4 14. Rc1 g5 15. Nxe4 Bxe4 16. Bg3 h5 17. Nd4 Bg6 18. h3 Qd7 19. Re1 g4 20. hxg4 hxg4 21. Bf4 Bf6 22. b5 cxb5 23. c6 bxc6 24. Nxc6 Bb2 25. Nd4 Bxc1 26. Qxc1 Rac8 27. Qb2 Rc4 28. Qxb5 Qxb5 29. Nxb5 Rxf4 30. Rd1 Ra4 31. Nc3 Ra3 32. Nxd5 Kg7 33. Rd4 Rd8 34. Kh2 Rxa2 35. Kg3 Ra5 36. Nb4 Rxd4 37. exd4 Ra3+ 38. Kxg4 a5 39. Nc6 a4 40. f4 f5+ 41. Kh4 Rc3 42. d5 Rxc6 0-1

[Event "TUR Cup"]
[Site "Antalya"]
[Date "2017.01.29"]
[Round "3"]
[White "Baylav, Bartu"]
[Black "Evin, Abdulkerim"]
[Result "1-0"]
[WhiteElo "1645"]
[BlackElo "1441"]
[PlyCount "63"]
[EventDate "2017.01.28"]
[EventType "swiss"]
[EventRounds "11"]
[EventCountry "TUR"]
[SourceTitle "CBM 176 Extra"]
[Source "ChessBase"]
[SourceDate "2017.03.02"]
[SourceVersion "1"]
[SourceVersionDate "2017.03.02"]
[SourceQuality "1"]

1. d4 Nf6 2. Bg5 d5 3. Nf3 Bf5 4. e3 e6 5. Nbd2 Be7 6. Be2 Nbd7 7. c3 c5 8. Nh4 Bg6 9. Nxg6 hxg6 10. Qc2 cxd4 11. exd4 Nh5 12. h4 Bxg5 13. hxg5 Ke7 14. 0-0-0 Qc7 15. g3 Nxg3 16. fxg3 Qxg3 17. Rhg1 Qh2 18. Bf3 Qf4 19. Rdf1 Qd6 20. Qd3 Nb6 21. Kb1 Rac8 22. Bg4 Rh2 23. Nf3 Rxb2+ 24. Kxb2 Na4+ 25. Ka1 Qa3 26. Rb1 b6 27. Rb3 Qd6 28. Ne5 Qc7 29. Rf1 Rf8 30. Qf3 Kd8 31. Bxe6 Nc5 32. Qxd5+ 1-0

[Event "Manavgat Turkey Cup"]
[Site "Manavgat"]
[Date "2016.01.31"]
[Round "2"]
[White "Borekcioglu, Zeynep Dilara"]
[Black "Evin, Abdulkerim"]
[Result "1-0"]
[WhiteElo "1713"]
[BlackElo "1532"]
[PlyCount "143"]
[EventDate "2016.01.30"]
[EventType "swiss"]
[EventRounds "11"]
[EventCountry "TUR"]
[SourceTitle "CBM 170 Extra"]
[Source "ChessBase"]
[SourceDate "2016.02.25"]
[SourceVersion "1"]
[SourceVersionDate "2016.02.25"]
[SourceQuality "1"]

1. e4 c5 2. Nc3 Nc6 3. g3 g6 4. Bg2 Bg7 5. d3 d6 6. Be3 Nf6 7. h3 a6 8. Qd2 Bd7 9. Bh6 0-0 10. Bxg7 Kxg7 11. f4 Nd4 12. Nge2 Nxe2 13. Nxe2 Rb8 14. 0-0 Qc8 15. Kh2 e5 16. fxe5 dxe5 17. Qg5 Qc6 18. Qxe5 Rbe8 19. Qf4 Qe6 20. Nc3 Bc6 21. Rae1 Qe5 22. Qxe5 Rxe5 23. Ne2 Rd8 24. Rd1 Bb5 25. Nc3 Bc6 26. Rf2 Ne8 27. Rfd2 Re7 28. d4 cxd4 29. Rxd4 Rxd4 30. Rxd4 Nc7 31. Nd5 Rd7 32. c3 Ne6 33. Rd1 Nc7 34. c4 Ne6 35. Nc3 Rxd1 36. Nxd1 Kf6 37. Nf2 Ke5 38. Ng4+ Kd4 39. Nf6 h5 40. b3 Kc3 41. Nd5+ Kb2 42. Nb4 Nd4 43. Nxc6 bxc6 44. b4 Kxa2 45. e5 Kb3 46. b5 axb5 47. cxb5 cxb5 48. Bd5+ Kc3 49. Bxf7 Nf3+ 50. Kg2 Nxe5 51. Bd5 b4 52. Kf2 b3 53. Bxb3 Kxb3 54. Ke3 Kc4 55. Ke4 Nf7 56. g4 h4 57. Kf4 g5+ 58. Kf5 Kd4 59. Kf6 Ke4 60. Kxf7 Kf4 61. Kf6 Kg3 62. Kxg5 Kxh3 63. Kf4 Kg2 64. g5 h3 65. g6 h2 66. g7 h1Q 67. g8Q+ Kf1 68. Qc4+ Kg1 69. Qd4+ Kf1 70. Qd1+ Kg2 71. Qe2+ Kg1 72. Kg3 1-0

[Event "Manavgat Turkey Cup"]
[Site "Manavgat"]
[Date "2015.02.06"]
[Round "10"]
[White "Kutlu, Turgut Can"]
[Black "Evin, Abdulkerim"]
[Result "0-1"]
[WhiteElo "1610"]
[BlackElo "1476"]
[PlyCount "88"]
[EventDate "2015.01.31"]
[EventType "swiss"]
[EventRounds "11"]
[EventCountry "TUR"]
[SourceTitle "CBM 164 Extra"]
[Source "ChessBase"]
[SourceDate "2015.03.02"]
[SourceVersion "1"]
[SourceVersionDate "2015.03.02"]
[SourceQuality "1"]

1. c4 f5 2. Nf3 Nf6 3. g3 d6 4. Bg2 g6 5. 0-0 Bg7 6. d4 0-0 7. Nc3 Qe8 8. Nb5 Na6 9. Bf4 c6 10. Nc3 Nd7 11. Rc1 e5 12. dxe5 dxe5 13. Bd2 Nf6 14. a3 e4 15. Nd4 Ng4 16. e3 Ne5 17. b4 Nd3 18. Rc2 Nc7 19. f3 exf3 20. Nxf3 Be6 21. Ne2 Nb2 22. Qc1 Nd3 23. Qb1 Rd8 24. Ned4 Ne5 25. Nxe5 Bxe5 26. Nxe6 Nxe6 27. Bc3 Ng5 28. Qb2 Bxc3 29. Qxc3 Ne4 30. Bxe4 Qxe4 31. Qb3 Rd3 32. Qa2 Qxe3+ 33. Rcf2 Rxa3 34. Qb2 Rb3 35. Qa2 Kg7 36. Qa1+ Qc3 37. Qxa7 Rxb4 38. Qc5 Qxc4 39. Qe7+ Rf7 40. Qe5+ Kh6 41. Rf4 Rb5 42. Qe8 Qc5+ 43. R1f2 Qe7 44. Qb8 g5 0-1

[Event "Manavgat Turkey Cup"]
[Site "Manavgat"]
[Date "2015.02.04"]
[Round "7"]
[White "Evin, Abdulkerim"]
[Black "Marangoz, Burak Can"]
[Result "0-1"]
[WhiteElo "1476"]
[BlackElo "1736"]
[PlyCount "104"]
[EventDate "2015.01.31"]
[EventType "swiss"]
[EventRounds "11"]
[EventCountry "TUR"]
[SourceTitle "CBM 164 Extra"]
[Source "ChessBase"]
[SourceDate "2015.03.02"]
[SourceVersion "1"]
[SourceVersionDate "2015.03.02"]
[SourceQuality "1"]

1. e4 c5 2. Nf3 Nc6 3. Nc3 e6 4. d4 cxd4 5. Nxd4 Qb6 6. Nxc6 bxc6 7. Bd3 Ba6 8. 0-0 Bxd3 9. Qxd3 d5 10. exd5 cxd5 11. Be3 Qb7 12. Bd4 Nf6 13. Bxf6 gxf6 14. Rae1 Be7 15. b3 Rc8 16. Re2 Kf8 17. Rfe1 Bb4 18. Qb5 Qxb5 19. Nxb5 Bxe1 20. Rxe1 Rxc2 21. Ra1 a6 22. Nd4 Rb2 23. Nc6 Kg7 24. Nb4 Rc8 25. Nd3 Rd2 26. Ne1 f5 27. b4 a5 28. bxa5 Ra8 29. Nf3 Rb2 30. g3 Rxa5 31. a4 Rb4 32. Ng5 Rbxa4 33. Rb1 Ra1 34. Rxa1 Rxa1+ 35. Kg2 Ra3 36. Nh3 d4 37. Kf1 e5 38. Ke2 f6 39. Ng1 Kf7 40. Nf3 Rxf3 41. Kxf3 Ke6 42. Ke2 Kd6 43. Kd3 Kd5 44. Ke2 Kc4 45. Kd2 e4 46. h3 h5 47. h4 Kb3 48. Ke2 Kc2 49. f3 d3+ 50. Ke3 d2 51. fxe4 fxe4 52. Kxe4 d1Q 0-1